Score 0/28 Timer 03:00
2 Plays Today
% Correct
Russia
96.4%
Russia
96.4%
China
95.6%
China
95.6%
United States
90%
India
87.6%
Italy
85.7%
Kazakhstan
84.9%
Kazakhstan
84.9%
Pakistan
84.5%
France
84.3%
Japan
83.6%
Spain
83.3%
Uzbekistan
82.8%
% Correct
Tajikistan
81.6%
Afghanistan
81%
Mongolia
74.6%
Serbia
73.5%
Bulgaria
72.2%
Canada
71.6%
Croatia
70.4%
North Korea
70.2%
Georgia
66.6%
Kyrgyzstan
65.4%
Kyrgyzstan
65.4%
Bosnia and Herzegovina
61.9%
Montenegro
56.1%
Kosovo
55.1%

You're not logged in!

Compare scores with friends on all Sporcle quizzes.
OR
Log In

Sporcle TV

Today on Sporcle TV


Watch our educational content, quiz creation guides, and fun videos on Sporcle TV.

Show Comments

Extras

Top Quizzes Today


Score Distribution

Paid Content

Your Account Isn't Verified!

In order to create a playlist on Sporcle, you need to verify the email address you used during registration. Go to your Sporcle Settings to finish the process.

Report this User

Report this user for behavior that violates our Community Guidelines.

Details: